|
|
|
|
| LEADER |
00000nab a2200000 a 4500 |
| 001 |
vtls000467057 |
| 003 |
SK-MaSNL |
| 005 |
20260304080659.0 |
| 008 |
250424c1992 xo 0 slo |
| 015 |
|
|
|a SNBRB19rr/mm-uuuuu
|
| 035 |
|
|
|a CL0467190
|
| 035 |
|
|
|a urn:nbn:sk:snk-ab2v93
|
| 035 |
|
|
|a (urnnbn)urn:nbn:sk:snk:ar-a02zpc
|
| 035 |
|
|
|a (uuid)f178d138-48bf-435c-a040-c0fb50c08a60
|
| 040 |
|
|
|a SNKBUCL
|b slo
|c SNKBUCL
|e AACR2
|
| 041 |
0 |
|
|a slo
|
| 044 |
|
|
|a xo
|c SK
|
| 080 |
|
|
|a 904:726.71
|2 1981
|
| 080 |
|
|
|a 726.71
|2 1981
|
| 080 |
|
|
|a 719
|2 1981
|
| 080 |
|
|
|a 93/94
|2 2011
|
| 080 |
|
|
|a 502.21(1-751.4)
|2 2011
|
| 100 |
1 |
|
|a Bartal, Tomáš K.
|4 aut
|9 1368293
|
| 245 |
1 |
0 |
|a Osud jasovského kláštora
|c Tomáš K. Bartal
|
| 650 |
0 |
7 |
|a kláštory
|2 snkbucl
|9 3024
|
| 650 |
0 |
7 |
|a dejiny
|2 SNKPH
|9 3825
|
| 650 |
0 |
7 |
|a pamiatky
|2 SNKPH
|9 3808
|
| 651 |
|
7 |
|a Jasov (Slovensko)
|2 snkbucl
|9 22401
|
| 655 |
|
7 |
|a články z novín a časopisov
|2 snkbucl
|9 267496
|
| 773 |
0 |
|
|t Krásy Slovenska
|g Roč. 69, č. 9 (1992), s. 27-28
|
| 850 |
|
|
|a Slovenská národná knižnica
|
| 852 |
|
|
|a Slovenská národná knižnica
|
| 954 |
|
|
|a odborná, vedecká literatúra pôvodná (slovenská)
|2 lita
|
| 958 |
|
|
|a article27
|
| 958 |
|
|
|a OND
|
| 958 |
|
|
|a RK
|
| 958 |
|
|
|a EUIPO
|
| 992 |
|
|
|a RBX
|
| 999 |
|
|
|c 2787679
|d 2789609
|